书目信息 |
| 题名: |
我国区域农业环境问题及其综合治理
|
|
| 作者: | 万洪富 主编 | |
| 分册: | ||
| 出版信息: | 北京 中国环境科学出版社 2005 |
|
| 页数: | 227页 | |
| 开本: | 26cm | |
| 丛书名: | ||
| 单 册: | ||
| 中图分类: | X322.2 | |
| 科图分类: | ||
| 主题词: | 生态环境 , 综合治理 , 农业环境--生态环境--综合治理--研究--中国 , 农业环境 | |
| 电子资源: | ||
| ISBN: | 7-80163-987-1 | |
| 000 | 00896nam0 2200253 450 | |
| 001 | TS-150440 | |
| 005 | 20061206171214.15 | |
| 010 | @a7-80163-987-1@dCNY35.00 | |
| 100 | @a20060829d2005 em y0chiy0110 ea | |
| 101 | 0 | @achi |
| 102 | @aCN@b110000 | |
| 105 | @ay z 000yy | |
| 200 | 1 | @a我国区域农业环境问题及其综合治理@Awo guo qu yu nong ye huan jing wen ti ji qi zong he zhi li@f万洪富主编 |
| 210 | @a北京@c中国环境科学出版社@d2005 | |
| 215 | @a227页@d26cm | |
| 330 | @a本书从广东农业环境要素入手,围绕土壤污染、农业非点源污染、酸雨、水土流失、农业固体废弃物、土壤退化和外来入侵等专题,系统分析和阐述广东省目前的农业农村环境现状等。 | |
| 606 | 0 | @a生态环境 |
| 606 | 0 | @a综合治理 |
| 606 | 0 | @a农业环境@x生态环境@x综合治理@x研究@y中国 |
| 606 | 0 | @a农业环境 |
| 690 | @aX322.2@v4 | |
| 701 | 0 | @a万洪富@Awan hong fu@4主编 |
| 801 | 0 | @aCN@b中图数据@c20061206 |
| 905 | @a10447@dX322.2@e46 | |
| 我国区域农业环境问题及其综合治理/万洪富主编.-北京:中国环境科学出版社,2005 |
| 227页;26cm |
| ISBN 7-80163-987-1:CNY35.00 |
| 本书从广东农业环境要素入手,围绕土壤污染、农业非点源污染、酸雨、水土流失、农业固体废弃物、土壤退化和外来入侵等专题,系统分析和阐述广东省目前的农业农村环境现状等。 |
| ● |
| 相关链接 |
|
|
|
|
正题名:我国区域农业环境问题及其综合治理
索取号:X322.2/46
 
预约/预借
| 序号 | 登录号 | 条形码 | 馆藏地/架位号 | 状态 | 备注 |
| 1 | 0600017 | 206000174 | 第二样本阅览室/ [索取号:X322.2/46] | 在馆 | |
| 2 | 0600018 | 206000183 | 第三借阅区/ [索取号:X322.2/46] | 在馆 | |
| 3 | 0600021 | 206000218 | 第三借阅区/ [索取号:X322.2/46] | 在馆 |